El pontificado de Benedicto XVI. Más allá de la crisis de la Iglesia

Saved in:
Bibliografiske detaljer
Hovedforfatter: Regoli, Roberto (Author)
Format: Bog
Sprog:spansk
Udgivet: Madrid, España. Ediciones Encuentro S. A, 2018
Serier:100XUNO
Fag:
Tags: Tilføj Tag
Ingen Tags, Vær først til at tagge denne postø!

MARC

LEADER 00000cam a2200000 a 4500
001 UCC5364
003 CL-VaPUC
005 20230731110246.0
008 181005e20180000sp |||||||||||||||||spa|d
999 |c 372617  |d 372615 
020 |a 9788490559277 
040 |c Pontificia Universidad Católica de Valparaíso 
082 0 4 |a 262.13 REG 2018  |2 21 
100 0 |a Regoli, Roberto  |e author  |9 599701 
245 1 3 |a El pontificado de Benedicto XVI.   |b Más allá de la crisis de la Iglesia 
260 |a Madrid, España.  |b Ediciones Encuentro S. A,  |c 2018 
300 |a 436 páginas  
440 |a 100XUNO  |9 856733 
583 |a last modification  |c 20181005 11:02:00  |k Rodrigo Vera 
600 0 7 |a Benedicto XVI  |2 CL-VaPUC  |9 494398 
600 0 |a Ratzinger, Joseph,   |c Papa  |e autor   |9 494399 
650 0 |a Papas  |9 258738 
650 0 |a Pontífices  |2 CL-VaPUC  |9 375468 
852 |a BIBTEO 
942 |c BK  |2 ddc 
945 |d 20181005 11:02:00  |a dcastane 
952 |0 0  |1 0  |3 erb  |4 0  |6 262_130000000000000_REG_2018  |7 0  |8 A  |9 490310  |a BIBTEO  |b BIBTEO  |i 5504775  |l 1  |o 262.13 REG 2018  |p 5504775  |r 2025-01-17  |s 2022-11-24  |w 2019-11-24  |y BK  |z Catalogado en:20181005  |k ICR 
952 |0 0  |1 0  |3 erb  |4 0  |6 262_130000000000000_REG_2018  |7 0  |8 A  |9 490311  |a BIBTEO  |b BIBTEO  |d 2019-06-03  |e 8  |g 23100.00  |i 5551366  |o 262.13 REG 2018  |p 5551366  |r 2025-01-17  |v 23100.00  |w 2019-11-24  |y BK  |z Catalogado en:20190617  |k ICR